Online Catalogue and eLibrary

Fidalogs in the kingdom of Jaffnapatam : (Record no. 3513)

MARC details
000 -LEADER
fixed length control field 00541nam a2200157Ia 4500
005 - DATE AND TIME OF LATEST TRANSACTION
control field 20250128023103.0
008 - FIXED-LENGTH DATA ELEMENTS--GENERAL INFORMATION
fixed length control field 240331s9999 xx 000 0 und d
020 ## - INTERNATIONAL STANDARD BOOK NUMBER
ISBN
082 ## - DDC Classification
Item Number - Author Mark COS
Class No. 954
100 ## - MAIN ENTRY--PERSONAL NAME
Personal name Cosme,O.M.D.S
245 #0 - TITLE STATEMENT
Title Fidalogs in the kingdom of Jaffnapatam :
Remainder of title (Sri lanka) (1543-1658)-The Portuguese in Jaffna
260 ## - PUBLICATION, DISTRIBUTION, ETC.
Place of publication, distribution, etc. Colombo
Name of publisher, distributor, etc. Harwoods Publishers
Date of publication, distribution, etc. 1994
300 ## - PHYSICAL DESCRIPTION
Extent (e.g. Volumes, Pages etc.) 136 p .,
500 ## - GENERAL NOTE
General note Fidalgos in the kingdom of Jafanapatam narrates the short saga of the Portuguese in the northern peninsula Kingdom.
942 ## - Koha item type (Biblio)
Koha item type Books in Stacks (Lending)
Holdings
Lost status Damaged status Collection code Home library Current library Shelving location Date acquired Full call number Accession Number Item type
    Lending WERC Library WERC Library Social Science Cupboard 03/31/2024 954 COS 3975 Books in Stacks (Lending)

© WERC Library